000 01038nam a22002657i 4500
001 IT\ICCU\RMB\0781927
003 ItRI
005 20260115232051.0
008 130129s2013 it |||||| ||||| |||||c
020 _a9788820053222
040 _bita
_cimportazione bologna sebina
041 7 _aita
_2ISO-639-2
082 _a813.5
_9NARRATIVA AMERICANA IN LINGUA INGLESE, 1900-1999
_221
100 1 _aChbosky, Stephen
_0IT\ICCU\UBOV\023208
_4aut
240 1 4 _aThe perks of being a wallflower.
_3IT\ICCU\UBO\2942869
_9Chbosky, Stephen
245 1 0 _aNoi siamo infinito /
_cStephen Chbosky ; traduzione di Chiara Brovelli.
246 1 3 _aRagazzo da parete
_9IT\ICCU\ANA\0485659
260 _a[Milano] :
_bSperling & Kupfer,
_c2013
300 _a271 p. ;
_c21 cm
500 _aGiĆ  pubblicato da Frassinelli con il titolo: Ragazzo da parete.
500 _aPrecedentemente pubblicato con questo tit.
_0IT\ICCU\ANA\0485659
700 1 _aBrovelli, Chiara
_0IT\ICCU\MILV\214449
_4trl
830 0 _aPandora
_0IT\ICCU\CFI\0000150
942 _2ddc
_cBK
_n0
999 _c16584
_d16584